NHL Calder Memorial Winners (Quarter Century) - Statistics

General Stats
  • This quiz has been taken 24 times
  • The average score is 18 of 24
Answer Stats
Year Team Answer % Correct
2006 Washington Capitals Alex Ovechkin
100%
2007 Pittsburgh Penguins Evgeni Malkin
100%
2014 Colorado Avalanche Nathan MacKinnon
100%
2015 Florida Panthers Aaron Ekblad
96%
2017 Toronto Maple Leafs Auston Matthews
96%
2024 Chicago Blackhawks Connor Bedard
96%
2021 Minnesota Wild Kirill Kaprizov
96%
2016 Chicago BlackhawksColumbus Blue Jackets New York Rangers Artemi Panarin
91%
2020 Colorado Avalanche Cale Makar
91%
2019 Vancouver Canucks Elias Pettersson
91%
2012 Colorado Avalanche Gabriel Landeskog
91%
2008 Chicago BlackhawksNew York Rangers Detroit Red Wings Patrick Kane
91%
2022 Detroit Red Wings Moritz Seider
87%
2018 New York Islanders Mathew Barzal
83%
2013 Florida PanthersCalgary Flames Jonathan Huberdeau
78%
2023 Seattle Kraken Matty Beniers
78%
2011 Carolina HurricanesBuffalo Sabres Edmonton Oilers Jeff Skinner
70%
2002 Atlanta Thrashers (WPG)Ottawa Senators San Jose Sharks Minnesota Wild Anaheim Ducks Dany Heatley
61%
2010 Buffalo SabresWinnipeg Jets Vancouver Canucks Tyler Myers
48%
2009 Columbus Blue JacketsPhiladelphia Flyers Winnipeg Jets Steve Mason
35%
2004 Boston BruinsToronto Maple Leafs Colorado Avalanche Vancouver Canucks Dallas Stars Andrew Raycroft
30%
2003 St. Louis BluesNashville Predators Barret Jackman
22%
2001 San Jose SharksNew York Islanders Tampa Bay Lightning Evgeni Nabokov
17%
2000 New Jersey DevilsNew York Rangers
Montreal Canadiens San Jose Sharks
Florida Panthers New Jersey Devils St. Louis Blues Ottawa Senators
Scott Gomez
17%
No matching quizzes found
Score Distribution
Percent of People with Each Score
Percentile by Number Answered
Your Score History
You have not taken this quiz